000 00781nam a2200241 a 4500
001 000025408
005 20200930023752.0
008 110215s2001 mx r 000 0 spa d
020 _a9681907949
040 _aDO-SdBNP
_bspa
_cBNPHU
041 1 7 _aspa
_heng
_2Código de idioma MARC
082 _aNNN
_bG453u
100 1 _aGiddens, Anthony
_950246
240 1 0 _aRunaway world
_lEspañol.
245 1 0 _aUn mundo desbocado :
_blos efectos de la globalización en nuestras vidas /
_cAnthony Giddens ; traducción de Pedro Cifuentes.
260 _aMéxico, D. F. :
_bTaurus,
_c2001.
300 _a117 p. ;
_c22 cm.
490 1 _aPensamiento
534 _aTítulo original:
_tRunaway world
700 1 _aCifuentes, Pedro
_etr.
_952011
830 0 _aPensamiento
_99245
049 _aBNGR
999 _c24900
_d24900